000 01063nam a22003497a 4500
001 0038332
003 KOHA_MİRAKIL
005 20260207003057.0
007 ta
008 120903b2005 tu |||gr||||#||||0|tur |
020 _a9758936212
040 _aTR-BiSEU
_btur
_cTR-BiSEU
_erda
041 0 _atur
044 _ctu
050 _aHD2757.5
_b.K63 2005
100 1 _aKocaer, Şenol.
245 1 _aKartellerle mücadelede pişmanlık programlarının uygulanması/
_cŞenol Kocaer ; Şenol Kocaer.
250 _a1. bsk.
264 1 _aAnkara :
_bRekabet Kurumu
_c2005
300 _aiv, 82 sayfa ;
_c23 cm.
336 _ametin
_btxt
_2rdacontent
337 _aaracısız
_bn
_2rdamedia
338 _acilt
_bnc
_2rdacarrier
490 1 _aRekabet Kurumu ;
_vyayın no 0179.
490 1 _aUzmanlık tezleri serisi ;
_vno: 71
500 _aKaynakça var.
650 0 _aCartels.
_938672
650 0 _aKarteller.
_971635
830 1 _aRekabet Kurumu ;
_vyayın no 0179.
_96192
830 1 _aUzmanlık tezleri serisi ;
_vno: 71
_96193
942 _2lcc
_cBK
999 _c38171
_d38171